000 00601nam a2200229 i 4500
001 C2-0247965
003 PPAK
005 20180727212354.0
008 030408s1997 enka|||| ||||| | eng d
020 _a0001953168
040 _aPPAK
_beng
_cPPAK
_erda
082 0 4 _a428.6
_223
090 0 0 _a428.6
_bDRS
_dRK
245 0 4 _aThe Dr. Seuss story book
264 1 _aLondon :
_bHarperCollins ,
_c1997
300 _a176 pages :
_bcolour illustrations ;
_c29 cm
336 _2rdacontent
_atext
337 _2rdamedia
_aunmediated
338 _2rdacarrier
_avolume
650 1 0 _aReaders
942 _ddc
_cB
999 _c61716
_d61716